Memorie di un libertino depresso

Salvato in:
Dettagli Bibliografici
Autore principale: Canali Luca
Natura: Libro
Lingua:lingua imprecisata
Pubblicazione: Milano Longanesi 1997
Tags: Aggiungi Tag
Nessun Tag, puoi essere il primo ad aggiungerne!!

MARC

LEADER 00000nam a2200000Ia 4500
001 470
003 NUMERAZIONE-ORIGINALE-BRESCIA
005 20260206230753.0
008 260206s9999 xx 000 0 und d
100 |a Canali Luca 
245 0 |a Memorie di un libertino depresso 
260 |a Milano 
260 |b Longanesi 
260 |c 1997 
500 |a La gaja scienza 
942 |2 ddc  |c BK  |n 0 
952 |0 0  |1 0  |2 ddc  |4 0  |6 26  |7 0  |9 28597  |a BS  |b BS  |d 2026-02-06  |i 470  |l 0  |o 2-6-*  |r 2026-02-06 22:40:38  |w 2026-02-06  |x [REVISIONARE]  |y BK 
999 |c 24256  |d 24256